| 000 | 00628nam a22002290a 4500 | ||
|---|---|---|---|
| 001 | PT41525 | ||
| 003 | AR-LpoUNG | ||
| 005 | 20220829162627.0 | ||
| 007 | aj ||||| | ||
| 040 |
_aAR-LpoUNG _bspa _cAR-LpoUNG _eaacr |
||
| 082 | 0 | _a982.03 275pro | |
| 110 | 2 | _aEdipe (Buenos Aires) | |
| 245 | 0 | 0 | _aLas Provincias Unidas del Río de La Plata bajo su asamblea general constituyente : 1813-1814 |
| 260 |
_aBuenos Aires : _bEdipe, _cs.f.. |
||
| 300 | _a1 mural laminado : col. ; 0,78 x 1,18 cm. | ||
| 650 | 4 | _aARGENTINA | |
| 650 | 4 | _aHISTORIA | |
| 650 | 4 | _aHISTORIA POLITICA | |
| 650 | 4 | _aMAPAS | |
| 905 | _a41525 | ||
| 942 | _cMAPA | ||
| 999 |
_c63545 _d63545 |
||